| 000 | 00659nam a22002052 4500 | ||
|---|---|---|---|
| 001 | 0000009703 | ||
| 005 | 20151217155842.0 | ||
| 008 | 081119s xx 000 0 eng d | ||
| 040 |
_aKABU _cKABU |
||
| 100 | 1 |
_aWalmsley, Leo. _@0000161448 |
|
| 245 | 1 | 0 |
_aFlying and sport in East Africa / _cLeo Walmsley. |
| 250 | _a1st ed. | ||
| 260 |
_aLondon : _bWilliam Blackwood, _c1920. |
||
| 300 | _axxi, 306 p. | ||
| 650 | 0 |
_aWorld War, 1914-1918 _xCampaigns _zGerman East Africa. _@0000161449 |
|
| 651 | 0 |
_aAfrica, East _xDescription and travel. _@0000148698 |
|
| 852 | 1 | _9p500 KES | |
| 908 | _a081119 | ||
| 950 | _@1 | ||
| 999 |
_c13236 _d13236 |
||